<?xml version="1.0" encoding="UTF-8"?>
<record
    xmlns:xsi="http://www.w3.org/2001/XMLSchema-instance"
    xsi:schemaLocation="http://www.loc.gov/MARC21/slim http://www.loc.gov/standards/marcxml/schema/MARC21slim.xsd"
    xmlns="http://www.loc.gov/MARC21/slim">

  <leader>00475nam a22001697a 4500</leader>
  <controlfield tag="005">20250128132124.0</controlfield>
  <controlfield tag="008">240214b        |||||||| |||| 00| 0 eng d</controlfield>
  <datafield tag="020" ind1=" " ind2=" ">
    <subfield code="a">978-81-89966-78-2</subfield>
  </datafield>
  <datafield tag="041" ind1=" " ind2=" ">
    <subfield code="a">English</subfield>
  </datafield>
  <datafield tag="082" ind1=" " ind2=" ">
    <subfield code="a">PS 610.7368 CLE DB1224</subfield>
  </datafield>
  <datafield tag="100" ind1=" " ind2=" ">
    <subfield code="a">Clement I</subfield>
    <subfield code="9">119826</subfield>
  </datafield>
  <datafield tag="245" ind1=" " ind2=" ">
    <subfield code="a">Mental Health Nursing-I &amp; II for BSc Nursing Students Semester- V &amp; VI</subfield>
  </datafield>
  <datafield tag="260" ind1=" " ind2=" ">
    <subfield code="b">FrontlinePublications</subfield>
    <subfield code="a">Hyderabad</subfield>
    <subfield code="c">2024</subfield>
  </datafield>
  <datafield tag="300" ind1=" " ind2=" ">
    <subfield code="a">582p</subfield>
  </datafield>
  <datafield tag="365" ind1=" " ind2=" ">
    <subfield code="b">700.00</subfield>
  </datafield>
  <datafield tag="942" ind1=" " ind2=" ">
    <subfield code="c">DB</subfield>
  </datafield>
  <datafield tag="999" ind1=" " ind2=" ">
    <subfield code="c">357085</subfield>
    <subfield code="d">357085</subfield>
  </datafield>
  <datafield tag="952" ind1=" " ind2=" ">
    <subfield code="0">0</subfield>
    <subfield code="1">0</subfield>
    <subfield code="2">ddc</subfield>
    <subfield code="4">0</subfield>
    <subfield code="7">0</subfield>
    <subfield code="a">BTIN</subfield>
    <subfield code="b">BTIN</subfield>
    <subfield code="d">2024-02-13</subfield>
    <subfield code="g">700.00</subfield>
    <subfield code="i">68</subfield>
    <subfield code="l">11</subfield>
    <subfield code="m">9</subfield>
    <subfield code="o">PS 610.7368 CLE DB1224</subfield>
    <subfield code="p">BTIN-DB-1224</subfield>
    <subfield code="r">2026-02-13 13:28:18</subfield>
    <subfield code="s">2026-02-09</subfield>
    <subfield code="w">2024-02-14</subfield>
    <subfield code="y">DB</subfield>
    <subfield code="z">DB1224</subfield>
  </datafield>
</record>
